Choferes
Guardat en:
| Autor principal: | |
|---|---|
| Format: | Llibre |
| Idioma: | espanyol |
| Publicat: |
Santiago
LexisNexis
2004
|
| Matèries: | |
| Etiquetes: |
Afegir etiqueta
Sense etiquetes, Sigues el primer a etiquetar aquest registre!
|
MARC
| LEADER | 00000nam a2200000 a 4500 | ||
|---|---|---|---|
| 001 | UCJ0661 | ||
| 003 | CL-VaPUC | ||
| 008 | 060825e20040000CL |||||||||||||||||spa|d | ||
| 020 | |a 9562384594 | ||
| 082 | 0 | 4 | |a 344.8302 |b NAD |2 21 |
| 100 | |a Nadal Serri, Daniel |e autor |9 295027 | ||
| 245 | 1 | 0 | |a Choferes |
| 300 | |a 172 p | ||
| 942 | |c BK | ||
| 945 | |d 20060825 00:00:00 |a jtorresc | ||
| 260 | |a Santiago |b LexisNexis |c 2004 | ||
| 500 | |a Manual de Consultas Laborales y Previsionales | ||
| 650 | 7 | |a CHOFERES |2 CL-VaPUC |9 500900 | |
| 650 | 7 | |a LEGISLACION SOCIAL |2 CL-VaPUC |9 257176 | |
| 650 | 0 | |a Código del trabajo |9 255479 | |
| 650 | 0 | |a Jurisprudencia administrativa |9 384120 | |
| 650 | 0 | |a Seguridad social |9 255322 | |
| 651 | 7 | |a CHILE |2 CL-VaPUC |9 500901 | |
| 583 | |a last modification |c 20140408 10:32:19 |k Rodrigo Vera | ||
| 999 | |c 317425 |d 317423 | ||
| 952 | |0 0 |1 0 |4 0 |6 344_830200000000000_NAD_2004 |7 0 |8 A |9 393784 |a BIBDER |b BIBDER |d 2019-11-22 |i 4247752 |o 344.8302 NAD 2004 |p 4247752 |r 2023-01-25 |w 2019-11-22 |y BK |k DER | ||